000 00771nam a2200253 i 4500
001 7106
003 ES-MaACL
005 20260529161207.0
007 t|
008 900820s1987 fr ||||1| fre d
020 _a2-260-00428-8
080 _a008"19"
080 _a304"19"
100 1 _aBloom, Allan.
_929554
245 1 2 _aL'âme désarmée /
_cAllan Bloom ; avant-propos de Saul Bellow ; tradution francaise de Paul Alexandre.
260 _aParis :
_bJulliard,
_c[1987]
300 _a331 p. ;
_c25 cm.
650 4 _aEnseñanza-
_zEstados Unidos.
_912289
651 4 _aEstados Unidos-
_xVida intelectual
_98576
700 _aBellow, Saul,
_d1915-2005
_9180457
700 1 _aAlexandre, Paul.
_919784
852 _aES-MaACL
_jL-14259
999 _c7106
_d7106